<?xml version="1.0" encoding="UTF-8"?>
<marc:record xmlns:marc="http://www.loc.gov/MARC21/slim">
   <marc:leader>00000nam a2200000 a 4500</marc:leader>
   <marc:datafield ind1="1" ind2=" " tag="100">
      <marc:subfield code="a">O'Farrell, Maggie</marc:subfield>
      <marc:subfield code="4">aut</marc:subfield>
      <marc:subfield code="e">Verfasser/-in</marc:subfield>
   </marc:datafield>
   <marc:datafield ind1="0" ind2="0" tag="245">
      <marc:subfield code="a">Porträt einer Ehe</marc:subfield>
   </marc:datafield>
   <marc:datafield ind1="0" ind2="0" tag="245">
      <marc:subfield code="b">Roman</marc:subfield>
   </marc:datafield>
   <marc:datafield ind1="0" ind2="0" tag="245">
      <marc:subfield code="c">O'Farrell, Maggie</marc:subfield>
   </marc:datafield>
   <marc:datafield ind1=" " ind2="1" tag="264">
      <marc:subfield code="a">München</marc:subfield>
      <marc:subfield code="b">Piper</marc:subfield>
      <marc:subfield code="c">2022</marc:subfield>
   </marc:datafield>
   <marc:datafield ind1="1" ind2=" " tag="520">
      <marc:subfield code="a">Angaben aus der Verlagsmeldung &#xD;
&#xD;
 Porträt einer kurzen Ehe  : Roman  The Marriage Portrait  / von Maggie O'Farrell&#xD;
&#xD;
&#xD;
            &#xD;
&#xD;
                Das vergessene Leben der Lucrezia de’ Medici&#xD;
            &#xD;
            &#xD;
Florenz, 1557: Lucrezia de’ Medici ist gerade einmal zwölf Jahre alt, als ihr Vater sie per Brief mit Alfonso II. d’Este verlobt. Eigentlich war ihre ältere Schwester Maria dem Herzog von Ferrara versprochen, doch als diese überraschend verstirbt, tritt Lucrezia an ihre Stelle. Und wider Erwarten eröffnet sich der jungen Herzogin in Ferrara eine neue Welt: Plötzlich darf sie, die ihrer Familie immer als zu eigensinnig, zu störrisch und sensibel galt, selbst entscheiden, ob sie durch die Gärten flanieren oder sich ihrer geliebten Staffelei zuwenden will. Diese Freiheit aber ist an eine Bedingung geknüpft: Alfonso erwartet von ihr einen Sohn. Als dieser auf sich warten lässt, lernt Lucrezia seine dunkle, bedrohliche Seite kennen.&#xD;
            &#xD;
»O’Farrell gelingt das Kunststück, die bekannte Geschichte poetisch-zärtlich neu zu erzählen.« FAZ über Judith und Hamnet (Women's Prize for Fiction &amp; British Book Award 2020)</marc:subfield>
   </marc:datafield>
   <marc:datafield ind1=" " ind2=" " tag="020">
      <marc:subfield code="a">9783492071765</marc:subfield>
      <marc:subfield code="9">9783492071765</marc:subfield>
   </marc:datafield>
   <marc:datafield ind1=" " ind2=" " tag="020">
      <marc:subfield code="a">3492071767</marc:subfield>
      <marc:subfield code="9">3492071767</marc:subfield>
   </marc:datafield>
   <marc:datafield ind1=" " ind2=" " tag="041">
      <marc:subfield code="a">ger</marc:subfield>
   </marc:datafield>
   <marc:datafield ind1=" " ind2=" " tag="300">
      <marc:subfield code="a">463 Seiten</marc:subfield>
   </marc:datafield>
</marc:record>
